banner-ar

البرمجة باستخدام قاعدة البيانات 4 / (Record no. 52810)

MARC details
000 -الفاتح
حقل البيانات ثابتة الطول 00745nam a2200193Ia 4500
008 - عناصر البيانات ثابتة الطول - معلومات عامة
حقل البيانات ثابتة الطول 140319s9999 xx 000 0 ara d
040 ## - مصدر الفهرسة
وكالة الفهرسة الأصلية GCL /
وكالة النسخ GCL
082 04 - رقم تصنيف ديوى العشرى
رقم التصنيف 001.6424
رقم المادة ع ب
100 1# - المدخل الرئيسى - إسم شخصى
الإسم الشخصى على محمود بهلول
245 10 - بيان العنوان
العنوان البرمجة باستخدام قاعدة البيانات 4 /
بيان المسئوليه,etc على محمود بهلول
260 ## - PUBLICATION, DISTRIBUTION, ETC. (IMPRINT)
تاريخ النشر أو التوزيع 1993
300 ## - الوصف المادى
التعداد 364 ص
490 ## - بيان السلسلة
عنوان السلسلة سلسلة الكتب العلمية فى علوم الحاسب الالى
رقم المجلد/ التعيين التسلسلي 0
650 04 - المدخل الاضافى بالموضوع-مصطلح موضوعى
مصطلح موضوعي الحاسبات الالكترونية
650 04 - المدخل الاضافى بالموضوع-مصطلح موضوعى
مصطلح موضوعي قاعدة البيانات
650 04 - المدخل الاضافى بالموضوع-مصطلح موضوعى
مصطلح موضوعي برامج الحاسبات الالكترونية
942 ## - عناصر المدخل الإضافي( كوها)
مصدر التصنيف او مخطط الترفيف Dewey Decimal Classification
Koha [default] item type كتاب
260 ## - PUBLICATION, DISTRIBUTION, ETC. (IMPRINT)
-- [S.N] :
-- دار الكتب العلمية للنشر والتوزيع ،
Holdings
حالة التراجع حالة الفقد حالة تلف ليس للاعارة المكان المؤقت الموقع الحالى تاريخ الاكتساب اجمالي اﻻعارات رقم الطلب الباركود تاريخ اخر مشاهدة تاريخ تفعيل السعر نوع وعاء كوها
        مكتبة القاهرة الكبرى مكتبة القاهرة الكبرى 03/26/2014   001.6424\ع ب 126673 03/26/2014 03/26/2014 كتاب
        مكتبة القاهرة الكبرى مكتبة القاهرة الكبرى 03/26/2014   001.6424\ع ب 126674 03/26/2014 03/26/2014 كتاب

Powered By

EGPV